| 000 | 01067cad a22002295a 4500 | ||
|---|---|---|---|
| 001 | L145713 | ||
| 008 | 081103s2008 xxkad f s 000 0 eng d | ||
| 035 | _a(Sirsi) u145713 | ||
| 041 | 0 | _aeng | |
| 050 | 0 | 4 | _a333.6324 $2 18 |
| 110 | 2 |
_aGVA Grimley _93646 |
|
| 245 | 0 | 0 |
_aUK economic property and market review _bthird quarter 2008 _h[electronic resource] |
| 260 |
_aLondon _bGVA Grimley _c2008 |
||
| 490 | 0 |
_aGVA Grimley Economic and Property Market Review UK _vThird Quarter 2008 |
|
| 520 | _aReports that economic output is set to fall over 1% in 2009 and predicts that average commercial rental values will fall by over 7% in the next two years. Expects 2009 to see a third consecutive year of negative All-Property returns. | ||
| 590 | _aKA NTK | ||
| 650 | 2 | 4 | _aGVA GRIMLEY ECONOMIC AND PROPERTY MARKET REVIEW UK |
| 651 | 4 |
_aUnited Kingdom _y |
|
| 690 | _aPROPERTY-COMMERCIAL PROPERTY-COMMERCIAL PROPERTY MARKET | ||
| 856 | 4 | 0 |
_uhttps://www.gvagrimley.co.uk/x4190.xml _zView this report free of charge under research at www.gvagrimley.co.uk... |
| 942 | _n0 | ||
| 999 |
_c108877 _d108877 |
||